Baloncesto: aprender y progresar
Guardat en:
| Autor principal: | |
|---|---|
| Format: | Llibre |
| Idioma: | espanyol |
| Publicat: |
Barcelona
Paidotribo
2006
|
| Edició: | 5a. ed |
| Col·lecció: | Colección Deporte
|
| Matèries: | |
| Etiquetes: |
Afegir etiqueta
Sense etiquetes, Sigues el primer a etiquetar aquest registre!
|
MARC
| LEADER | 00000nam a2200000 a 4500 | ||
|---|---|---|---|
| 001 | UCG3305 | ||
| 003 | CL-VaPUC | ||
| 008 | 100819e20060000SP |||||||||||||||||spa|d | ||
| 020 | |a 8480192593 | ||
| 082 | 0 | 4 | |a 796.323 |b WIS |2 21 |
| 100 | 0 | |a Wissel, Hal |e author |9 552320 | |
| 245 | 1 | 0 | |a Baloncesto: aprender y progresar |
| 250 | |a 5a. ed | ||
| 300 | |a 231 p | ||
| 942 | |c BK | ||
| 945 | |d 20100819 00:00:00 |a mfarfan | ||
| 260 | |a Barcelona |b Paidotribo |c 2006 | ||
| 650 | 7 | |a BALONCESTO |2 CL-VaPUC |9 552321 | |
| 650 | 0 | |a Actividad física |9 362156 | |
| 650 | 7 | |a ENTRENAMIENTO FISICO |2 CL-VaPUC |9 307393 | |
| 650 | 7 | |a DEPORTE |2 CL-VaPUC |9 552322 | |
| 583 | |a last modification |c 20100819 00:00:00 |k Rodrigo Vera | ||
| 490 | 0 | |a Colección Deporte | |
| 999 | |c 342375 |d 342373 | ||
| 952 | |0 0 |1 0 |4 0 |6 796_323000000000000_WIS_2006 |7 0 |8 C |9 438537 |a BIBCUR |b BIBCUR |d 2019-11-22 |i 4708679 |l 1 |m 2 |o 796.323 WIS 2006 |p 4708679 |r 2025-04-22 |s 2023-09-14 |w 2019-11-22 |y BK |k DEN | ||